La esencia del marketing

Salvato in:
Dettagli Bibliografici
Autore principale: Dolan, Robert J (Autore)
Natura: Libro
Lingua:spagnolo
Pubblicazione: Bogotá Norma 1995
Edizione:1a. ed
Soggetti:
Tags: Aggiungi Tag
Nessun Tag, puoi essere il primo ad aggiungerne!!

MARC

LEADER 00000cam a2200000 a 4500
001 UCZ5926
003 CL-VaPUC
008 951130e19950000CK |||||||||||||||||spa|d
020 |a 9580428395 
082 0 4 |a 658.8  |b DOL  |2 21 
100 0 |a Dolan, Robert J  |e author  |9 350123 
245 1 3 |a La esencia del marketing 
250 |a 1a. ed 
300 |a v 
942 |c BK 
945 |d 19951130 00:00:00  |a rleighto 
260 |a Bogotá  |b Norma  |c 1995 
500 |a v.1: Estrategia 
500 |a v.2: Plan de acción 
650 0 |a Marketing  |9 259324 
650 0 |a Ventas  |9 259323 
650 7 |a GERENTES  |2 CL-VaPUC  |9 341797 
650 7 |a ESTUDIO DE MERCADO  |2 CL-VaPUC  |9 350124 
650 0 |a Gestión de mercados  |9 350125 
650 0 |a Personal de ventas  |9 320590 
650 7 |a SECRETO COMERCIAL  |2 CL-VaPUC  |9 350126 
583 |a last modification  |c 20170525 09:25:32  |k Rodrigo Vera 
999 |c 242200  |d 242198 
952 |0 0  |1 0  |4 0  |6 658_800000000000000_DOL_1995  |7 0  |8 R  |9 254985  |a BIBENE  |b BIBENE  |d 2019-11-19  |h v.1  |i 3152286  |o 658.8 DOL 1995  |p 3152286  |r 2025-01-15  |w 2019-11-19  |y BK_R  |k ICO 
952 |0 0  |1 0  |4 0  |6 658_800000000000000_DOL_1995  |7 0  |8 R  |9 254986  |a BIBENE  |b BIBENE  |d 2019-11-19  |h v.1  |i 3190293  |o 658.8 DOL 1995  |p 3190293  |r 2025-01-15  |w 2019-11-19  |y BK_R  |k ICO 
952 |0 0  |1 0  |4 0  |6 658_800000000000000_DOL_1995  |7 0  |8 R  |9 254987  |a BIBENE  |b BIBENE  |d 2019-11-19  |h v.2  |i 3190307  |o 658.8 DOL 1995  |p 3190307  |r 2025-01-15  |w 2019-11-19  |y BK_R  |k ICO 
952 |0 0  |1 0  |4 0  |6 658_800000000000000_DOL_1995  |7 0  |8 R  |9 254988  |a BIBGIM  |b BIBGIM  |d 2019-11-19  |h v.2  |i 3200175  |l 1  |o 658.8 DOL 1995  |p 3200175  |r 2025-01-15  |s 2023-10-17  |w 2019-11-19  |y BK_R  |k COM